Výročná správa Slovenskej obchodnej a priemyselnej komory za rok 1993

Uložené v:
Podrobná bibliografia
Médium: Kniha
Jazyk:Slovak
Vydavateľské údaje: Bratislava Slovenská obchodná a priemyselná komora 1994
Vydanie:1. vyd.
Predmet:
Tagy: Pridať tag
Žiadne tagy, Buďte prvý, kto otaguje tento záznam!

MARC

LEADER 00000nam a2200000 4500
001 c005444
005 20221214075102.7
041 0 |a slo 
044 |a SK 
245 1 0 |a Výročná správa Slovenskej obchodnej a priemyselnej komory za rok 1993 
250 |a 1. vyd. 
264 1 |a Bratislava  |b Slovenská obchodná a priemyselná komora  |c 1994 
300 |a 42 s. 
610 2 0 |a SOPK Bratislava